| 000 | 00492nam a22001697a 4500 | ||
|---|---|---|---|
| 999 |
_c160364 _d160364 |
||
| 005 | 20190128121954.0 | ||
| 010 | _aB-129690 | ||
| 020 |
_a8123740352 _c80.00 |
||
| 035 | _aB-129690 | ||
| 037 | _bNational Book Trust, India | ||
| 082 | _aS | ||
| 245 |
_aHot days, long nights : _bAn anthoogy of african short stories _c Nadezda Obradovic |
||
| 260 |
_aNew Delhi _bNational Book Trust, India _c2000 |
||
| 300 |
_a312p. _c22cm(pbk) |
||
| 700 | _aObradovic, Nadezda | ||
| 942 |
_2ddc _cEN _hS _mHOT |
||